| 000 | 01928nam a2200253Ia 4500 | ||
|---|---|---|---|
| 999 |
_c51791 _d51791 |
||
| 001 | 18783 | ||
| 003 | GE_BSU | ||
| 005 | 20220919163753.0 | ||
| 008 | 181216s2013||||ge |||||||||||||| ||geo|| | ||
| 040 | _cGE_BSU | ||
| 041 | _ageo | ||
| 080 | _a61 რ-26 | ||
| 100 |
_aრატიანი, ლევან _910086 |
||
| 245 |
_aათეროსკლეროზით გამოწვეული კარდიოვასკულური დაავადებების რისკის მარკერები რეპროდუქციული და მენოპაუზის ასაკის ქალებში : დისერტაცია / _b _cლევან, რატიანი;სამეცნიერო ხელმძღვანელ მაია სულაქველიძე, თამარ სანიკიძე; თბილისის სახ-ლო სამედიცინო უნ-ტი. |
||
| 264 |
_aთბილისი, _b _c2013. |
||
| 300 |
_a260 გვ.; _b30 სმ. |
||
| 653 | _aათეროსკლეროზით გამოწვეული კარდიოვასკულური დაავადებების რისკის მარკერები რეპროდუქციული და მენოპაუზის ასაკის ქალებში | ||
| 653 | _aდისერტაცია | ||
| 653 | _aმედიცინა | ||
| 700 |
_aსულაქველიძე, მაია _eსამეცნიერო ხელმძღვანელი _96367 |
||
| 700 |
_aსანიკიძე, თამარ _eსამეცნიერო ხელმძღვანელი _911300 |
||
| 710 |
_aთბილისის სახელმწიფო სამედიცინო უნივერსიტეტი _911597 |
||
| 942 |
_cBK _2udc |
||